1219 1723 1826 1074 1835 1298 1468 1514 1865 1819 1942 1698 1397 1040 1815 1619 1997 1915 1164 1245 1908 1993 1737 1978 1688 1239 1687 1959 1758 1165 1838 1607 1126 1656 1510 1290 1445 1794 1789 1783 1568 1105 1960 1339 1063 1290 1288 1736 1419 1705 1292 1347 1278 1919 1913 1543 1724 1736 1713 1401 1579 1678 1589 1282 1804 1938 1982 1834 1425 1326 1453 1820 1517 1860 1631 1006 1953 1077 1097 1550 1346 1998 1771 1588 1583 1535 1784 1213 1910 1531 1333 1751 1222 1827 1187 1222 1864 1863 1051 BCNSPRNW ULIB Ver.6.0+V

เปลี่ยนเป็นภาษาไทย

Change to English
 แสดงรายละเอียดบรรณานุกรม
  กลับหน้าหลัก

Brief Record : Get Marc (ISO 2709) : E-mail record : QR code < ปิดหน้าต่าง
LEADER : 00000nam 2200000uu 4500
001    13399114905
003     ULIB
008    120620s2542||||th 000 0 tha d
020    ^a9786169036777
099    ^aรส.^bว617ร
100 0  ^aวินทร์ เลียววาริณ
245 10 ^aสิ่งมีชีวิตที่เรียกว่าคน /^cวินทร์ เลียววาริณ
246 30 ^aสิ่งมีชีวิตที่เรียกว่าคน
250    รวมเล่มพิมพ์ครั้งแรกปี 2542
260    ^aกรุงเทพฯ :^bดับเบิ้ลนายน์ พริ้นติ้ง,^c(2542)
300    ^a367 หน้า ;^c21 ซม.
500    ^aรางวัลวรรณกรรมสร้างสรรค์ยอดเยี่ยมแห่งอาเซียน (ซีไรต์) ของประเทศไทยประจำปี พ.ศ.2542.
650  7 ^aรางวัล
650  7 ^aเรื่องสั้นไทย
945    ^p220^l0^i032084
945    ^p220^l0^i032085
945    ^p220^l0^i032086
945    ^p220^l0^i032087
945    ^p220^l0^i032088
995    ^aเกษร
999 ^a ทศพร
รายการนี้ยังไม่มีแท็ก
คุณยังไม่ได้ล็อกอิน คุณสามารถมีกิจกรรมร่วมกับเว็บไซต์ได้ แต่ต้องล็อกอินก่อน ::
  ล็อกอิน

รายการสื่อสารสนเทศ

ลำดับที่ ประเภท เลขเรียก/บาร์โค้ด สถานที่ สถานะ
- ไม่พบข้อมูล -

รายการใกล้เคียง
    ผู้แต่ง [วินทร์ เลียววาริณ]

    หัวเรื่อง [รางวัล]
    หัวเรื่อง [เรื่องสั้นไทย]

BibComment


ยังไม่เคยถูกคอมเมนท์

คอมเมนท์ทรัพยากรรายการนี้
  คอมเมนท์: สิ่งมีชีวิตที่เร..


 Copyright 2026. Bcnsprnw @Library